Loading...
| Auditory Arts | 3 | 13.33 | 100% | 33% | 0% |
| Beliefs | 5 | 4.00 | 40% | 0% | 0% |
| Current Events | 1 | 10.00 | 100% | 0% | 0% |
| Fine Arts - Other Arts | 4 | 10.00 | 75% | 25% | 0% |
| History - American | 1 | 10.00 | 100% | 0% | 0% |
| History - Ancient | 3 | 10.00 | 67% | 33% | 0% |
| History - World | 1 | 0.00 | 0% | 0% | 0% |
| Literature - American | 3 | 0.00 | 0% | 0% | 0% |
| Literature - British | 2 | 0.00 | 0% | 0% | 0% |
| Literature - European | 3 | 6.67 | 67% | 0% | 0% |
| Literature - World | 3 | 6.67 | 67% | 0% | 0% |
| Philosophy | 2 | 15.00 | 100% | 50% | 0% |
| Science - Biology | 2 | 20.00 | 50% | 100% | 50% |
| Science - Chemistry | 2 | 10.00 | 50% | 50% | 0% |
| Science - Other | 1 | 10.00 | 100% | 0% | 0% |
| Science - Physics | 3 | 6.67 | 33% | 33% | 0% |
| Social Science | 4 | 12.50 | 100% | 25% | 0% |
| Visual Arts | 4 | 5.00 | 50% | 0% | 0% |